The Fifteen Oes and Other Prayers. Edited from the text published by William Caxton (1491), éd. Alexandra Barratt, Susan Powell, Heidelberg, Universitätsverlag Winter, 2021 ; 1 vol., XXXVI–54 p. (Middle English Texts, 61). ISBN : 978-3-8253-4851-9. Prix : € 44,00 (notice n° 1603869)
[ vue normale ]
| 000 -LEADER | |
|---|---|
| fixed length control field | 00701cam a2200145 4500500 |
| 005 - DATE AND TIME OF LATEST TRANSACTION | |
| control field | 20251228092911.0 |
| 041 ## - LANGUAGE CODE | |
| Language code of text/sound track or separate title | fre |
| 042 ## - AUTHENTICATION CODE | |
| Authentication code | dc |
| 100 10 - MAIN ENTRY--PERSONAL NAME | |
| Personal name | Carruthers, Leo |
| Relator term | author |
| 245 00 - TITLE STATEMENT | |
| Title | The Fifteen Oes and Other Prayers. Edited from the text published by William Caxton (1491), éd. Alexandra Barratt, Susan Powell, Heidelberg, Universitätsverlag Winter, 2021 ; 1 vol., XXXVI–54 p. (Middle English Texts, 61). ISBN : 978-3-8253-4851-9. Prix : € 44,00 |
| 260 ## - PUBLICATION, DISTRIBUTION, ETC. | |
| Date of publication, distribution, etc. | 2023.<br/> |
| 500 ## - GENERAL NOTE | |
| General note | 63 |
| 786 0# - DATA SOURCE ENTRY | |
| Note | Le Moyen Age | CXXVIII | 3 | 2023-04-11 | p. 759zzn-873zzn | 0027-2841 |
| 856 41 - ELECTRONIC LOCATION AND ACCESS | |
| Uniform Resource Identifier | <a href="https://shs.cairn.info/revue-le-moyen-age-2022-3-page-759zzn?lang=fr&redirect-ssocas=7080">https://shs.cairn.info/revue-le-moyen-age-2022-3-page-759zzn?lang=fr&redirect-ssocas=7080</a> |
Pas d'exemplaire disponible.




Réseaux sociaux